[Event "Bayernliga U20 1011"]
[White "Schoepe, Tobias"]
[Black "Collmer, Dominik"]
[Site "Bayern"]
[Round "2.4"]
[Result "1-0"]
[Date "2010.12.04"]
[WhiteElo "1824"]
[BlackElo "1700"]
[PlyCount "73"]
[EventDate "2010.10.16"]
[EventType "team-tourn"]
[EventRounds "7"]
[EventCountry "GER"]
[SourceTitle "EXT 2022"]
[Source "ChessBase"]
[SourceDate "2021.10.06"]
[SourceVersion "1"]
[SourceVersionDate "2021.10.06"]
[SourceQuality "1"]
[WhiteTeam "Ergolding FC U20"]
[BlackTeam "Muenchen Suedost SK U20"]
[WhiteTeamCountry "GER"]
[BlackTeamCountry "GER"]

1. e4 c5 2. Nc3 Nc6 3. f4 d6 4. Nf3 e6 5. Bb5 a6 6. Bxc6+ bxc6 7. 0-0 Ne7 8. Kh1 d5 9. d3 Rb8 10. Qe1 g6 11. Ne2 Bg7 12. Rb1 a5 13. Ng3 Ba6 14. Bd2 a4 15. Bc3 d4 16. Ba5 Qc8 17. b3 axb3 18. axb3 0-0 19. f5 exf5 20. exf5 Nd5 21. Bd2 Re8 22. Qd1 Qc7 23. Ng5 Be5 24. N5e4 Qe7 25. f6 Qf8 26. Qc1 Ne3 27. Bxe3 dxe3 28. Qxe3 Bxg3 29. Qxg3 Rb4 30. Rfe1 Re6 31. Ra1 Bb7 32. Ra7 Qe8 33. Qc7 Rbxe4 34. dxe4 Rxf6 35. Rxb7 Qxe4 36. Qd8+ Kg7 37. Qxf6+ 1-0

[Event "GER-ch U14"]
[White "Collmer, Dominik"]
[Black "Stenzel, Jan"]
[Site "Willingen"]
[Round "9"]
[Result "1-0"]
[Date "2009.06.06"]
[WhiteElo "1734"]
[BlackElo "1677"]
[PlyCount "51"]
[EventDate "2009.05.30"]
[EventType "swiss"]
[EventRounds "9"]
[EventCountry "GER"]
[SourceTitle "EXT 2010"]
[Source "ChessBase"]
[SourceDate "2010.11.25"]
[SourceVersion "1"]
[SourceVersionDate "2010.11.25"]
[SourceQuality "1"]

1. e4 c5 2. Nf3 d6 3. d4 cxd4 4. Nxd4 Nf6 5. Nc3 g6 6. Bg5 Bg7 7. Bb5+ Bd7 8. Qe2 0-0 9. 0-0-0 Qc7 10. f4 Bg4 11. Nf3 a6 12. Bc4 Bxf3 13. gxf3 Nbd7 14. Rhg1 Rfc8 15. Bb3 Kf8 16. Rge1 Nb6 17. Kb1 Nfd7 18. Nd5 Nxd5 19. Bxd5 Qb6 20. Bb3 Nc5 21. e5 Nxb3 22. cxb3 dxe5 23. fxe5 Rc6 24. Qd2 Rac8 25. Qd7 R6c7 26. Qd8+ 1-0

[Event "GER-ch U14"]
[White "Gubela, Hans Erich Constant"]
[Black "Collmer, Dominik"]
[Site "Willingen"]
[Round "7"]
[Result "0-1"]
[Date "2009.06.04"]
[WhiteElo "1736"]
[BlackElo "1734"]
[PlyCount "64"]
[EventDate "2009.05.30"]
[EventType "swiss"]
[EventRounds "9"]
[EventCountry "GER"]
[SourceTitle "EXT 2010"]
[Source "ChessBase"]
[SourceDate "2010.11.25"]
[SourceVersion "1"]
[SourceVersionDate "2010.11.25"]
[SourceQuality "1"]

1. e4 c5 2. Nf3 Nc6 3. d4 cxd4 4. Nxd4 Nf6 5. Nc3 d6 6. Be2 e5 7. Nb3 a5 8. a4 Be7 9. Be3 0-0 10. Qd2 Be6 11. Nd5 Nxe4 12. Nxe7+ Qxe7 13. Qd1 f5 14. 0-0 f4 15. Bb6 Rf6 16. f3 Ng5 17. Qd2 Rh6 18. Rf2 Qf7 19. Bf1 Bxb3 20. cxb3 Qxb3 21. Bb5 Qf7 22. Rc1 Qh5 23. h3 e4 24. Qd5+ Kh8 25. fxe4 Nxh3+ 26. gxh3 Qxh3 27. e5 f3 28. Rxf3 Qh1+ 29. Kf2 Qxc1 30. Kg2 Rg6+ 31. Rg3 Qxb2+ 32. Bf2 Rf8 0-1

[Event "Regionalliga SW 0809"]
[White "Collmer, Dominik"]
[Black "King, Alexander"]
[Site "Bayern"]
[Round "8.8"]
[Result "1/2-1/2"]
[Date "2009.03.15"]
[WhiteElo "1632"]
[BlackElo "1887"]
[PlyCount "31"]
[EventDate "2008.10.05"]
[EventType "team-tourn"]
[EventRounds "9"]
[EventCountry "GER"]
[SourceTitle "EXT 2020"]
[Source "ChessBase"]
[SourceDate "2019.10.17"]
[SourceVersion "1"]
[SourceVersionDate "2019.10.17"]
[SourceQuality "1"]
[WhiteTeam "Muenchen Suedost"]
[BlackTeam "Klosterlechfeld"]
[WhiteTeamCountry "GER"]
[BlackTeamCountry "GER"]

1. e4 c6 2. d4 d5 3. Nc3 dxe4 4. Nxe4 Nd7 5. Nf3 Ngf6 6. Ng3 e6 7. Bd3 Bd6 8. 0-0 b6 9. Re1 0-0 10. c3 Bb7 11. b4 a5 12. b5 Rc8 13. Bd2 cxb5 14. Bxb5 Nd5 15. Qb3 N7f6 16. Ne5 1/2-1/2

[Event "Regionalliga SW 0708"]
[White "Collmer, Dominik"]
[Black "Zellweger, Wilfried"]
[Site "Bayern"]
[Round "7.7"]
[Result "0-1"]
[Date "2008.03.09"]
[WhiteElo "1618"]
[BlackElo "1960"]
[PlyCount "72"]
[EventDate "2007.10.21"]
[EventType "team-tourn"]
[EventRounds "9"]
[EventCountry "GER"]
[SourceTitle "EXT 2009"]
[Source "ChessBase"]
[SourceDate "2008.11.26"]
[SourceVersion "1"]
[SourceVersionDate "2008.11.26"]
[SourceQuality "1"]
[WhiteTeam "Muenchen Suedost"]
[BlackTeam "Tuerkheim"]
[WhiteTeamCountry "GER"]
[BlackTeamCountry "GER"]

1. e4 d5 2. exd5 Nf6 3. Nc3 Nxd5 4. Nf3 Bg4 5. Bc4 e6 6. 0-0 Be7 7. Re1 0-0 8. Nxd5 exd5 9. Bxd5 Qxd5 10. Rxe7 Nc6 11. Re3 Ne5 12. d4 Rfe8 13. Rc3 Nxf3+ 14. gxf3 Bh3 15. Bf4 Re6 16. Rc5 Rg6+ 17. Bg3 Qd7 18. Qd3 Re8 19. Rd1 Rge6 20. Re5 f6 21. Re3 Qd5 22. Rxe6 Qxe6 23. Qb3 Qxb3 24. axb3 c6 25. c4 Re2 26. d5 cxd5 27. cxd5 Kf7 28. d6 Ke8 29. Rb1 Kd7 30. b4 g5 31. f4 h5 32. fxg5 fxg5 33. f4 Rg2+ 34. Kh1 gxf4 35. Bxf4 Rg4 36. Be3 Bg2+ 0-1

[Event "GER-chT U16"]
[White "Le Minh, Viet"]
[Black "Collmer, Dominik"]
[Site "Uelzen"]
[Round "5.4"]
[Result "1-0"]
[Date "2007.12.29"]
[WhiteElo "1627"]
[BlackElo "1714"]
[PlyCount "105"]
[EventDate "2007.12.27"]
[EventType "team-swiss"]
[EventRounds "7"]
[EventCountry "GER"]
[SourceTitle "EXT 2022"]
[Source "ChessBase"]
[SourceDate "2021.10.06"]
[SourceVersion "1"]
[SourceVersionDate "2021.10.06"]
[SourceQuality "1"]
[WhiteTeam "Chemnitz USG U16"]
[BlackTeam "Muenchen Suedost SK U16"]
[WhiteTeamCountry "GER"]
[BlackTeamCountry "GER"]

1. e4 c5 2. Nf3 Nc6 3. d4 cxd4 4. Nxd4 Nf6 5. Nc3 d6 6. Be2 e5 7. Ndb5 a6 8. Na3 b5 9. Nd5 Be7 10. Be3 Nxd5 11. exd5 Nb8 12. c4 bxc4 13. Nxc4 Nd7 14. 0-0 0-0 15. Rc1 f5 16. f3 f4 17. Bf2 Rf6 18. Re1 Rh6 19. Bf1 a5 20. Qb3 Nf6 21. Nb6 Rb8 22. Rxc8 Rxc8 23. Nxc8 Qxc8 24. Qc4 Qb7 25. Qb5 Qxb5 26. Bxb5 Bd8 27. Rc1 Kf8 28. Rc8 Ke7 29. Bc6 g5 30. h3 Rg6 31. Rb8 h5 32. Rb7+ Kf8 33. b4 axb4 34. Rxb4 g4 35. hxg4 hxg4 36. Kf1 gxf3 37. gxf3 Rh6 38. Kg2 Rg6+ 39. Kf1 Rh6 40. a4 Nh5 41. Rb8 Ke7 42. Rxd8 Kxd8 43. a5 e4 44. a6 e3 45. a7 Ng3+ 46. Bxg3 Rh1+ 47. Kg2 Ra1 48. Bh4+ Kc7 49. a8Q Rxa8 50. Bxa8 Kb6 51. Bg5 Kc5 52. Bxf4 Kd4 53. Kf1 1-0

[Event "GER-ch U12"]
[White "Collmer, Dominik"]
[Black "Stoevesand, Eric"]
[Site "Willingen"]
[Round "11"]
[Result "1-0"]
[Date "2007.06.01"]
[WhiteElo "1632"]
[BlackElo "1387"]
[PlyCount "111"]
[EventDate "2007.05.26"]
[EventType "swiss"]
[EventRounds "11"]
[EventCountry "GER"]
[SourceTitle "CBM 118 Extra"]
[Source "ChessBase"]
[SourceDate "2007.07.04"]
[SourceVersion "1"]
[SourceVersionDate "2007.07.04"]
[SourceQuality "1"]

1. e4 e5 2. Nf3 Nc6 3. Bb5 a6 4. Ba4 Nf6 5. 0-0 b5 6. Bb3 Be7 7. Re1 0-0 8. c3 d6 9. h3 Bb7 10. d4 Re8 11. Bg5 h6 12. Bh4 Bf8 13. Nbd2 Na5 14. Bc2 c5 15. d5 Bc8 16. b4 Nb7 17. a4 Bd7 18. axb5 cxb4 19. bxa6 Nc5 20. cxb4 Nxa6 21. Rb1 Rb8 22. Ba4 Rxb4 23. Rxb4 Nxb4 24. Bxd7 Qxd7 25. Bxf6 gxf6 26. Nh4 Rc8 27. Re3 Kh7 28. Rg3 Na2 29. Qf3 Nc3 30. Kh2 Nb5 31. Qxf6 Nd4 32. Nf5 Nxf5 33. Qxf5+ Qxf5 34. exf5 Be7 35. Ne4 Rc4 36. f6 Bf8 37. Re3 Rd4 38. Nc3 Rd2 39. f3 Kg6 40. h4 h5 41. Kh3 Bh6 42. Re2 Rd3 43. Rc2 Bf4 44. Ne4 Rxd5 45. Rc6 Rd1 46. g3 Bh6 47. Nxd6 Rd3 48. Nc4 Kf5 49. Rc5 Rxf3 50. Nxe5 Rxg3+ 51. Kxg3 Bf4+ 52. Kf3 Bxe5 53. Ra5 Kxf6 54. Ke4 Bg3 55. Rxh5 Kg6 56. Rg5+ 1-0

[Event "GER-ch U10"]
[White "Marx, Inge"]
[Black "Collmer, Dominik"]
[Site "Willingen"]
[Round "7"]
[Result "0-1"]
[Date "2005.05.18"]
[WhiteElo "920"]
[BlackElo "1216"]
[PlyCount "46"]
[EventDate "2005.05.14"]
[EventType "swiss"]
[EventRounds "11"]
[EventCountry "GER"]
[SourceTitle "CBM 106 Extra"]
[Source "ChessBase"]
[SourceDate "2005.07.01"]
[SourceVersion "1"]
[SourceVersionDate "2005.07.01"]
[SourceQuality "1"]

1. e4 c5 2. Nf3 Nc6 3. Nc3 e6 4. d4 cxd4 5. Nxd4 Nf6 6. Be3 d5 7. exd5 exd5 8. Bb5 Bd7 9. Qd2 Bb4 10. a3 Ne4 11. Nxc6 bxc6 12. Qe2 Nxc3 13. Bg5+ Nxe2+ 14. c3 Qxg5 15. Bxe2 Qxg2 16. Rf1 Bd6 17. Kd2 Bf4+ 18. Ke1 Bxh2 19. Kd2 0-0 20. Rad1 Rfe8 21. b4 Bf4+ 22. Ke1 Bg4 23. a4 Rxe2# 0-1

[Event "GER-ch U10"]
[White "Collmer, Dominik"]
[Black "Meir, Lenz"]
[Site "Willingen"]
[Round "6"]
[Result "1-0"]
[Date "2005.05.17"]
[WhiteElo "1216"]
[BlackElo "993"]
[PlyCount "39"]
[EventDate "2005.05.14"]
[EventType "swiss"]
[EventRounds "11"]
[EventCountry "GER"]
[SourceTitle "CBM 106 Extra"]
[Source "ChessBase"]
[SourceDate "2005.07.01"]
[SourceVersion "1"]
[SourceVersionDate "2005.07.01"]
[SourceQuality "1"]

1. e4 c5 2. Nf3 d6 3. d4 cxd4 4. Nxd4 g6 5. Nc3 Bg7 6. Be3 e6 7. Bc4 Ne7 8. Nb3 0-0 9. Qd2 f5 10. f3 fxe4 11. fxe4 d5 12. exd5 exd5 13. Nxd5 Nxd5 14. Bxd5+ Kh8 15. 0-0-0 Qf6 16. Bd4 Qf4 17. Be3 Qe5 18. Qd4 Qxd4 19. Rxd4 Bxd4 20. Bxd4+ 1-0

[Event "GER-ch U10"]
[White "Collmer, Dominik"]
[Black "Pannier, Lukas"]
[Site "Willingen"]
[Round "2"]
[Result "1-0"]
[Date "2005.05.15"]
[WhiteElo "1216"]
[BlackElo "948"]
[PlyCount "57"]
[EventDate "2005.05.14"]
[EventType "swiss"]
[EventRounds "11"]
[EventCountry "GER"]
[SourceTitle "CBM 106 Extra"]
[Source "ChessBase"]
[SourceDate "2005.07.01"]
[SourceVersion "1"]
[SourceVersionDate "2005.07.01"]
[SourceQuality "1"]

1. e4 e5 2. Nf3 d6 3. Bc4 Nf6 4. Nc3 Nc6 5. d3 h6 6. Be3 Be7 7. h3 0-0 8. 0-0 Bd7 9. Qe2 Qc8 10. Rad1 Bxh3 11. Nh2 Bd7 12. Qd2 g5 13. Bxg5 hxg5 14. Qxg5+ Kh8 15. Qh6+ Nh7 16. f4 exf4 17. Rxf4 Bg5 18. Qh5 Bxf4 19. Rf1 Be3+ 20. Kh1 Be6 21. Rf3 Bd2 22. Bxe6 Qxe6 23. Rh3 Qg6 24. Qh4 Rg8 25. g3 Rae8 26. Nd5 f5 27. Nf6 Ref8 28. Qxh7+ Qxh7 29. Rxh7# 1-0